| 000 | 00358 a2200145 4500 | ||
|---|---|---|---|
| 001 | 168924 | ||
| 020 | _a | ||
| 040 | _cMagnum | ||
| 100 | _aMelo, Jose Augusto de (Orgs.) | ||
| 240 | 1 | 0 |
_a2000 Questoes objetivas - caderno de atividades _lpor |
| 245 | 1 | 0 | _a2000 Questoes objetivas - caderno de atividades |
| 362 | 0 | _a1899 | |
| 697 | _aGERAL | ||
| 942 | _cBK | ||
| 999 |
_c168924 _d168924 |
||